Normal view
MARC view
Entry Nombre de reunión
001 - NÚMERO DE CONTROL
- campo de control: 82465
003 - IDENTIFICADOR DEL NÚMERO DE CONTROL
- campo de control: DO-SdBNP
005 - FECHA Y HORA DE LA ÚLTIMA TRANSACCIÓN
- campo de control: 20220930143454.0
008 - DATOS DE LONGITUD FIJA
- campo de control de longitud fija: 220930|| aca||aabn | a|a d
040 ## - FUENTE DE LA CATALOGACIÓN
- Centro catalogador/agencia de origen: DO-SdBNP
- Centro/agencia transcriptor: DO-SdBNP
111 ## - ENCABEZAMIENTO--NOMBRE DE CONGRESO/REUNIÓN
- Nombre de congreso/reunión o jurisdicción como elemento de entrada: Feria Internacional del Libro
- Número del congreso/reunión o número de parte o sección: (6ta:
- Fecha del congreso/reunión: 2003: 24 abril al 4 mayo
- Sede del congreso/Lugar de la reunión: Santo Domingo, República Dominicana)
- Unidad subordinada: Plaza del Conservatorio
670 ## - FUENTE DE DATOS ENCONTRADOS
- Cita de la fuente: Work cat.: (DO-SdBNP)52499: Feria Internacional del Libro (6ta: 2003: 24 abril al 4 mayo Santo Domingo, República Dominicana) Plaza del Conservatorio,, Feria Internacional del Libro Santo Domingo 2003 :, 2003.
